|
|
|
|
| LEADER |
00000nab a2200000 a 4500 |
| 001 |
vtls009344684 |
| 003 |
SK-MaSNL |
| 005 |
20260305003507.0 |
| 008 |
250507c2007 xo |||||| ab ||00 b|slo |
| 015 |
|
|
|a SNBRA2008/10
|2 snkbucl
|
| 035 |
|
|
|a (uuid)5c3e7b93-e831-46a4-bef1-b73f112831ae
|
| 035 |
|
|
|a urn:nbn:sk:snk-ab13dx
|
| 035 |
|
|
|a (urnnbn)urn:nbn:sk:snk:ar-a05g57
|
| 038 |
|
|
|a SNKBUCL
|
| 040 |
|
|
|a SNKBUCL
|b slo
|c SNKBUCL
|e AACR2
|
| 041 |
0 |
|
|a slo
|b ger
|
| 044 |
|
|
|a xo
|c SK
|
| 080 |
|
|
|a 902.2
|x (437.6)
|2 2001
|
| 080 |
|
|
|a 903.3/.4
|x (437.6)
|x "636"
|2 2001
|
| 080 |
|
|
|a 904
|x (437.6)
|x "08/09"
|2 2001
|
| 100 |
1 |
|
|a Šalkovský, Peter,
|d 1951-
|4 aut
|9 93544
|
| 245 |
1 |
0 |
|a Stredoneolitické a včasnostredoveké sídlisko v Čataji
|c Peter Šalkovský
|
| 300 |
|
|
|b Fotogr., obr.
|
| 500 |
|
|
|a Resumé preložila Eva Pietová
|
| 504 |
|
|
|a Literatúra
|
| 546 |
|
|
|a Abstrakt angl. Res. nem.
|
| 648 |
|
7 |
|a 9.-10. stor.
|2 snkbucl
|9 300646
|
| 650 |
0 |
7 |
|a sídliská (archeológia)
|2 snkbucl
|9 67918
|
| 650 |
0 |
7 |
|a badenská kultúra
|2 snkbucl
|9 98208
|
| 650 |
0 |
7 |
|a eneolit
|2 snkbucl
|9 30423
|
| 650 |
0 |
7 |
|a raný stredovek
|2 snkbucl
|9 76105
|
| 650 |
0 |
7 |
|a zemnice
|2 snkbucl
|9 831964
|
| 650 |
0 |
7 |
|a hlinené klenbové pece
|2 snkbucl
|9 1580457
|
| 650 |
0 |
7 |
|a keramika
|2 snkbucl
|9 3061
|
| 651 |
|
7 |
|a Čataj (Slovensko)
|2 snkbucl
|9 159432
|
| 700 |
1 |
|
|a Pietová, Eva
|4 trl
|9 479105
|
| 773 |
0 |
|
|t Študijné zvesti Archeologického ústavu Slovenskej akadémie vied. 42
|d Nitra : Archeologický ústav SAV, 2007
|g S. 263-276
|x 0560-2793
|z 9788089315024
|
| 850 |
|
|
|a Slovenská národná knižnica
|
| 852 |
|
|
|a Slovenská národná knižnica
|
| 954 |
|
|
|a odborná, vedecká literatúra pôvodná (slovenská)
|2 lita
|
| 958 |
|
|
|a article27
|
| 958 |
|
|
|a NB
|
| 958 |
|
|
|a OND
|
| 958 |
|
|
|a EUIPO
|
| 999 |
|
|
|c 3230596
|d 3232526
|